Statistics for Fictional Flags

Click here to take the quiz!

General Stats

  • This quiz has been taken 36 times
  • The average score is 3 of 12

Answer Stats

Answer% Correct
Hogwarts
71%
Galactic Empire
48%
Klingon Empire
39%
Mordor
32%
Nazi America
32%
House Lannister
16%
Narnia
16%
United Federation of Planets
16%
Ankh-Morpork
3%
Norsefire
3%
House Atreides
0%
Independent Planets
0%

Score Distribution

Percentile by Number Answered

Percent of People with Each Score

Your Score History

You have not taken this quiz